000 01382nam a2200337 a 4500
001 ebr10490008
003 CaPaEBR
006 m u
007 cr cn|||||||||
008 080623s2008 enk sb 001 0 eng d
010 _z 2008295992
020 _z0567032876
020 _z9780567032874
040 _aCaPaEBR
_cCaPaEBR
035 _a(OCoLC)741690109
050 1 4 _aBR1720.C6
_bA84 2008eb
082 0 4 _a230/13092
_222
100 1 _aAshwin-Siejkowski, Piotr,
_d1964-
245 1 0 _aClement of Alexandria
_h[electronic resource] :
_ba project of Christian perfection /
_cby Piotr Ashwin-Siejkowski.
260 _aLondon ;
_aNew York :
_bT & T Clark,
_c2008.
300 _axi, 258 p.
490 1 _aT & T Clark theology
504 _aIncludes bibliographical references and indexes.
533 _aElectronic reproduction.
_bPalo Alto, Calif. :
_cebrary,
_d2013.
_nAvailable via World Wide Web.
_nAccess may be limited to ebrary affiliated libraries.
600 0 0 _aClement,
_cof Alexandria, Saint,
_dca. 150-ca. 215.
650 0 _aPerfection
_xReligious aspects
_xChristianity
_xHistory of doctrines
_yEarly church, ca. 30-600.
655 7 _aElectronic books.
_2local
710 2 _aebrary, Inc.
830 0 _aT & T Clark theology.
856 4 0 _uhttp://site.ebrary.com/lib/rucke/Doc?id=10490008
_zAn electronic book accessible through the World Wide Web; click to view
999 _c127198
_d127198